Microsoft Excel 2002

Guardat en:
Dades bibliogràfiques
Autor principal: Hynes, Richard (Autor)
Format: Llibre
Idioma:espanyol
Publicat: Madrid Pearson Educación 2001
Col·lecció:Guía de Aprendizaje
Matèries:
Etiquetes: Afegir etiqueta
Sense etiquetes, Sigues el primer a etiquetar aquest registre!

MARC

LEADER 00000nam a2200000 a 4500
001 UCL3793
003 CL-VaPUC
008 031212e20010000SP |||||||||||||||||spa|d
020 |a 8420532460 
082 0 4 |a 005.369  |b HYN  |2 21 
100 0 |a Hynes, Richard  |e author  |9 481194 
245 1 0 |a Microsoft Excel 2002 
300 |a 282 p 
942 |c BK 
945 |d 20031212 00:00:00  |a cmena 
260 |a Madrid  |b Pearson Educación  |c 2001 
650 0 |a Microsoft excel   |9 264149 
650 7 |a HOJAS DE CALCULO  |2 CL-VaPUC  |9 481195 
650 0 |a Software  |9 387312 
583 |a last modification  |c 20031212 00:00:00  |k Rodrigo Vera 
490 0 |a Guía de Aprendizaje 
999 |c 306799  |d 306797 
952 |0 0  |1 0  |4 0  |6 005_369000000000000_HYN_2001  |7 0  |8 A  |9 372089  |a BIBGIM  |b BIBGIM  |d 2019-11-21  |i 3973409  |o 005.369 HYN 2001  |p 3973409  |r 2025-01-15  |w 2019-11-21  |y BK  |k EST 
952 |0 0  |1 0  |4 0  |6 005_369000000000000_HYN_2001  |7 0  |8 A  |9 372090  |a BIBGIM  |b BIBGIM  |d 2019-11-21  |i 3973417  |o 005.369 HYN 2001  |p 3973417  |r 2025-01-15  |w 2019-11-21  |y BK  |k EST 
952 |0 0  |1 0  |4 0  |6 005_369000000000000_HYN_2001  |7 0  |8 A  |9 372091  |a BIBGIM  |b BIBGIM  |d 2019-11-21  |i 3973425  |o 005.369 HYN 2001  |p 3973425  |r 2025-01-15  |w 2019-11-21  |y BK  |k EST